| 000 | 00908nac a22002657a 4500 | ||
|---|---|---|---|
| 001 | BR7906333 | ||
| 003 | BR-BrBNA | ||
| 005 | 20240208134453.0 | ||
| 008 | 230509b bl.|||m| |||| 00| 0 por d | ||
| 040 |
_aBR-BrBNA _bpor _cBiblioteca Nacional de Agricultura |
||
| 072 | _aA50 | ||
| 090 |
_aA50 _bBR7906333 |
||
| 110 | 1 | _aUnidade de Execucao de Pesquisa de Ambito Estadual de Teresina, PI (Brasil) | |
| 245 | 1 | _aRelatorio trimestral, 2. trimestre/1979 [Unidade de Execucao de Pesquisa de Ambito Estadual de Teresina; Piaui; Brasil] | |
| 260 | 3 |
_aTeresina, PI (Brasil): _c1979. |
|
| 300 | _a41 p. | ||
| 490 | _aRelatorio Trimestral - Unidade de Execucao de Pesquisa de Ambito Estadual de Teresina (Brazil) | ||
| 500 | _a26 tables | ||
| 650 | _aPesquisa agricola | ||
| 650 | _aPesquisa pecuaria | ||
| 650 | _aProjeto de pesquisa | ||
| 650 | _aTeresina | ||
| 650 | _aPiaui | ||
| 942 |
_2AGRIS _n0 _cMS |
||
| 999 |
_c269759 _d269759 |
||